Rights of way proposals (Record no. 118268)
[ view plain ]
| 000 -LEADER | |
|---|---|
| fixed length control field | 01185cam a2200229 4500 |
| 001 - CONTROL NUMBER | |
| control field | WB@3612-767 |
| 008 - FIXED-LENGTH DATA ELEMENTS--GENERAL INFORMATION | |
| fixed length control field | 041104n2004 000 0 eng u |
| 035 ## - SYSTEM CONTROL NUMBER | |
| System control number | (Sirsi) u127898 |
| 245 ## - TITLE STATEMENT | |
| Title | Rights of way proposals |
| 260 ## - PUBLICATION, DISTRIBUTION, ETC. | |
| Date of publication, distribution, etc. | 2004 |
| 490 ## - SERIES STATEMENT | |
| Series statement | DEFRA News Release |
| Volume/sequential designation | (437/04) 2 November 2004 (2) |
| 520 ## - SUMMARY, ETC. | |
| Summary, etc. | Two DEFRA consultation papers are seeking views on proposals to improve the information available about rights of way, and to simplify the way in which changes to rights of way are made, under the Countryside and Rights of Way Act 2000. The proposals include: reducing to one single-step the current two-part process local authorities have to follow for recording changes; and regulations for three formal rights of way registers. Both consultations will run until 31 January 2005 and are available at: http://www.defra.gov.uk/corporate/consult/rightsof way-registers/index.htm. http://www.defra.gov.uk/news/2004/041102a.htm |
| 590 ## - LOCAL NOTE (RLIN) | |
| Local note | WB |
| 590 ## - LOCAL NOTE (RLIN) | |
| Local note | WB |
| 650 ## - SUBJECT ADDED ENTRY--TOPICAL TERM | |
| Topical term or geographic name entry element | RIGHTS OF WAY |
| 650 ## - SUBJECT ADDED ENTRY--TOPICAL TERM | |
| Topical term or geographic name entry element | PUBLIC ACCESS |
| 650 ## - SUBJECT ADDED ENTRY--TOPICAL TERM | |
| Topical term or geographic name entry element | COUNTRYSIDE AND RIGHTS OF WAY ACT 2000 |
| 650 ## - SUBJECT ADDED ENTRY--TOPICAL TERM | |
| Topical term or geographic name entry element | RESTRICTIONS |
| 650 ## - SUBJECT ADDED ENTRY--TOPICAL TERM | |
| Topical term or geographic name entry element | MAPPING |
| 690 ## - LOCAL SUBJECT ADDED ENTRY--TOPICAL TERM (OCLC, RLIN) | |
| Topical term or geographic name as entry element | RURAL |
| 9 (RLIN) | 6268 |
| 942 ## - ADDED ENTRY ELEMENTS (KOHA) | |
| Suppress in OPAC | 0 |
| Withdrawn status | Lost status | Source of classification or shelving scheme | Damaged status | Not for loan | Home library | Current library | Shelving location | Date acquired | Total Checkouts | Full call number | Barcode | Date last seen | Copy number | Price effective from | Koha item type |
|---|---|---|---|---|---|---|---|---|---|---|---|---|---|---|---|
| Dewey Decimal Classification | London | London | News article | 04/11/2004 | WB4042-13 | 127898-1001 | 06/08/2019 | 1 | 06/08/2019 | News article |